000 00304nam a2200133Ia 4500
008 220204s9999 xx 000 0 und d
082 _a301
_bHUN
100 _aHorton, Paul B
245 0 _aSociology
250 _aEd.3
260 _aTokyo
_bMcGraw Hill
_c1972
700 _aHunt, Chester L
942 _cBK
999 _c28655
_d28655